00428nam a22001337a 4500020001600000082001400016100001800030245006200048260003500110300002700145650004100172700002400213856005700237 qHard Cover. aBEE-5 TAH aTaha Mujahid. aHuman Physiological Parameter Monitoring /cMujahid, Taha aIslamabad:bSEECS-NUST,c2012. a42 p. :bill. ;c30cm. aBachelor in Electrical Engineering . aDr. Saad Bin Qaiser uhttp://10.250.8.41:8080/xmlui/handle/123456789/10713